MARC

LEADER 00000nam0a2200000 4500
001 287278
005 20231101235955.0
035 |a (RuTPU)RU\TPU\book\311656 
090 |a 287278 
100 |a 20150313d1985 k y0rusy50 ca 
101 0 |a rus 
102 |a RU 
105 |a a z 001zy 
200 1 |a Механика неоднородных систем  |e сборник научных трудов  |f Академия наук СССР (АН СССР), Сибирское отделение (СО), Институт теоретической и прикладной механики (ИТПМ), (Новосибирск) ; под ред. Г. В. Гадияка 
210 |a Новосибирск  |c Изд-во ИТПМ  |d 1985 
215 |a 308 с.  |c ил. 
320 |a Библиография в конце статей 
606 |a Механика сплошных сред  |2 stltpush  |3 (RuTPU)RU\TPU\subj\43578  |9 63063 
610 1 |a течение Куэтта 
610 1 |a сверхзвуковые скорости 
610 1 |a возмущения 
610 1 |a твердые тела 
610 1 |a гранулированные материалы 
610 1 |a неупругие взаимодействия 
610 1 |a газовая динамика 
610 1 |a разреженные газы 
675 |a 531/534  |v 3 
702 1 |a Гадияк  |b Г. В.  |4 340 
712 0 2 |a Академия наук СССР (АН СССР)  |b Сибирское отделение (СО)  |b Институт теоретической и прикладной механики (ИТПМ)  |b (Новосибирск)  |2 stltpush  |3 (RuTPU)RU\TPU\col\11503 
801 1 |a RU  |b 63413507  |c 20150313 
801 2 |a RU  |b 63413507  |c 20180321  |g RCR 
942 |c BK